Tax policy and the economy 12
Gespeichert in:
| Weitere Verfasser: | |
|---|---|
| Format: | Buch |
| Sprache: | Englisch |
| Veröffentlicht: |
Cambridge
MIT Press
1998
|
| Schriftenreihe: | National Bureau of Economic Research - NBER
|
| Schlagworte: | |
| Tags: |
Keine Tags, Fügen Sie das erste Tag hinzu!
|
MARC
| LEADER | 00000nam a2200000 4500 | ||
|---|---|---|---|
| 001 | c116046 | ||
| 005 | 20230111124403.5 | ||
| 020 | |a 0-262-66109-8 | ||
| 022 | |a 9892-8649 | ||
| 041 | 0 | |a eng | |
| 044 | |a US | ||
| 245 | 1 | 0 | |a Tax policy and the economy 12 |c edited by James M. Poterba |
| 264 | 1 | |a Cambridge |b MIT Press |c 1998 | |
| 300 | |a 253 s. | ||
| 490 | 1 | |a National Bureau of Economic Research - NBER | |
| 830 | 0 | |a National Bureau of Economic Research - NBER | |
| 610 | 2 | 0 | |a dane |
| 610 | 2 | 0 | |a politika daňová |
| 610 | 2 | 0 | |a reformy daňové |
| 610 | 2 | 0 | |a telekomunikácie |
| 610 | 2 | 0 | |a školy vysoké |
| 610 | 2 | 0 | |a dane z príjmov |
| 610 | 2 | 0 | |a výnosy |
| 610 | 2 | 0 | |a zabezpečenie sociálne |
| 610 | 2 | 0 | |a rozdeľovanie |
| 610 | 2 | 0 | |a dôchodok národný |
| 700 | 1 | |a Poterba, James M. | |